Detalles MARC
| 000 -LEADER |
| fixed length control field |
01653cam a2200409 i 4500 |
| 001 - CONTROL NUMBER |
| control field |
68888 |
| 003 - CONTROL NUMBER IDENTIFIER |
| control field |
Mx-PuUPA |
| 005 - DATE AND TIME OF LATEST TRANSACTION |
| control field |
20260428104257.0 |
| 008 - FIXED-LENGTH DATA ELEMENTS--GENERAL INFORMATION |
| fixed length control field |
250822s2015 mx a|||dr|||| 00| 0 spa d |
| 020 ## - INTERNATIONAL STANDARD BOOK NUMBER |
| International Standard Book Number |
9786072419322 |
| 020 ## - INTERNATIONAL STANDARD BOOK NUMBER |
| International Standard Book Number |
9789687791760 |
| Qualifying information |
de la colección El Barco de Vapor |
| 040 ## - CATALOGING SOURCE |
| Original cataloging agency |
Mx-PuUPA |
| Language of cataloging |
spa |
| Transcribing agency |
Mx-PuUPA |
| Modifying agency |
Mx-PuUPA |
| Description conventions |
rda |
| 041 1# - LANGUAGE CODE |
| Language code of text/sound track or separate title |
spa |
| Language code of original |
ger |
| 100 1# - MAIN ENTRY--PERSONAL NAME |
| Personal name |
Nöstlinger, Christine, |
| Dates associated with a name |
1936-2018 |
| 9 (RLIN) |
10760 |
| Relator term |
autor |
| 240 10 - UNIFORM TITLE |
| Uniform title |
Als mein vaterdie mutter der Anna lachs heiraten wollte. |
| Language of a work |
Español |
| 245 10 - TITLE STATEMENT |
| Title |
Mi papá quiere casarse con tu mamá / |
| Statement of responsibility, etc. |
Christine Nöstlinger ; ilustraciones de Erica Salcedo ; traducción de Alejandra Freund |
| 250 ## - EDITION STATEMENT |
| Edition statement |
Primera edición |
| 264 #1 - PRODUCTION, PUBLICATION, DISTRIBUTION, MANUFACTURE, AND COPYRIGHT NOTICE |
| Place of production, publication, distribution, manufacture |
Ciudad de México : |
| Name of producer, publisher, distributor, manufacturer |
SM de Ediciones, |
| Date of production, publication, distribution, manufacture, or copyright notice |
2015 |
| 300 ## - PHYSICAL DESCRIPTION |
| Extent |
184 páginas : |
| Other physical details |
ilustraciones (en blanco y negro) ; |
| Dimensions |
19 cm |
| 336 ## - CONTENT TYPE |
| Fuente |
rdacontent |
| Content type term |
texto |
| Content type code |
txt |
| 337 ## - MEDIA TYPE |
| Source |
rdamedia |
| Media type term |
sin medio |
| Media type code |
n |
| 338 ## - CARRIER TYPE |
| Source |
rdacarrier |
| Carrier type term |
volumen |
| Carrier type code |
nc |
| 490 1# - SERIES STATEMENT |
| Series statement |
El barco de vapor. Roja ; |
| Volume/sequential designation |
68 M |
| 500 ## - GENERAL NOTE |
| General note |
Reimpresiones: (Segunda, 2017). |
| 521 1# - TARGET AUDIENCE NOTE |
| Target audience note |
12+ |
| 650 #7 - SUBJECT ADDED ENTRY--TOPICAL TERM |
| Source of heading or term |
armarc |
| Topical term or geographic name entry element |
Literatura alemana |
| 650 #7 - SUBJECT ADDED ENTRY--TOPICAL TERM |
| Source of heading or term |
armarc |
| Topical term or geographic name entry element |
Conflictos familiares |
| General subdivision |
Literatura infantil |
| 650 #7 - SUBJECT ADDED ENTRY--TOPICAL TERM |
| Source of heading or term |
armarc |
| Topical term or geographic name entry element |
Problemas emocionales de los niños |
| General subdivision |
Literatura infantil |
| 700 1# - ADDED ENTRY--PERSONAL NAME |
| Personal name |
Salcedo, Erica, |
| Relator term |
ilustrador |
| 700 1# - ADDED ENTRY--PERSONAL NAME |
| Personal name |
Freund, Alejandra, |
| Relator term |
traductor |
| 765 0# - ORIGINAL LANGUAGE ENTRY |
| Main entry heading |
Nöstlinger, Christine, 1936-2018 |
| Title |
Als mein vaterdie mutter der Anna lachs heiraten wollte. |
| 830 #3 - SERIES ADDED ENTRY--UNIFORM TITLE |
| Uniform title |
El barco de vapor |
| Name of part/section of a work |
Roja |
| Volume/sequential designation |
68 |
| 942 ## - ADDED ENTRY ELEMENTS (KOHA) |
| Source of classification or shelving scheme |
Dewey Decimal Classification |
| Koha item type |
Libro |
| Classification part |
833 |
| Item part |
B2668 |